[Event "2. Online Aktivschach WM"]
[Site "Gruppe C / Chessgate"]
[Date "2006.02.14"]
[Round "6.3"]
[White "MM IV Turbo, Mephisto"]
[Black "Sparc, Saitek"]
[Result "0-1"]
[WhiteElo "2093"]
[BlackElo "2174"]
[PlyCount "112"]

1. e4 e5 2. Nf3 Nc6 3. d4 exd4 4. Bc4 Bc5 5. c3 Nf6 6. cxd4 Bb4+ 7. Bd2 Bxd2+
8. Nbxd2 d5 9. exd5 Nxd5 10. Qb3 Nce7 11. O-O O-O 12. Rfe1 c6 13. a4 Qc7 14.
Rac1 Qf4 15. Ne4 Bf5 16. Ng3 Bc8 17. Ne2 Qh6 18. Ne5 Rd8 19. Ng3 Qf4 20. Rcd1
Qg5 21. Ne4 Qf4 22. Nc5 Rb8 23. Bd3 b6 24. g3 Qh6 25. Be4 Ra8 26. Ncd3 Be6 27.
Qc2 Rac8 28. f4 f6 29. Nc4 Bg4 30. Rc1 Bf5 31. b4 Rc7 32. Qe2 Qg6 33. Nd2 Bxe4
34. Nxe4 Nf5 35. Qf2 Re7 36. Nd2 Rxe1+ 37. Rxe1 Nc3 38. Nb3 Qf7 39. Ndc1 Qc4
40. g4 Nxd4 41. Nxd4 Rxd4 42. Re8+ Kf7 43. Qe1 Rd1 44. Re7+ Kg6 45. f5+ Kh6 46.
g5+ fxg5 47. Qxd1 Nxd1 48. Ne2 Qxb4 49. Re6+ g6 50. Ng3 Qc5+ 51. Kg2 Qf2+ 52.
Kh1 Qf3+ 53. Kg1 Nf2 54. Kf1 Nd3+ 55. Kg1 Nf4 56. Rxg6+ hxg6 0-1

[Event "2. Online Aktivschach WM"]
[Site "Gruppe C / Chessgate"]
[Date "2006.02.16"]
[Round "6.4"]
[White "Milano, Mephisto"]
[Black "Sapphire II, Novag"]
[Result "0-1"]
[WhiteElo "2010"]
[BlackElo "2129"]
[PlyCount "100"]

1. d4 d5 2. Nf3 Nf6 3. c4 c6 4. Nc3 dxc4 5. a4 Bf5 6. e3 e6 7. Bxc4 Bb4 8. O-O
Nbd7 9. Nh4 Bg6 10. Nxg6 hxg6 11. Bd2 Nb6 12. Bd3 Qd6 13. f4 O-O-O 14. Qe1 Nbd5
15. Nxd5 Nxd5 16. Bc4 Bxd2 17. Qxd2 g5 18. Bxd5 exd5 19. b4 gxf4 20. exf4 Qh6
21. h3 Rhe8 22. b5 Kb8 23. bxc6 Qxc6 24. Rfc1 Qf6 25. g3 Re4 26. Rd1 Qe6 27.
Qg2 Re2 28. Qf3 Re8 29. f5 Qe3+ 30. Qxe3 R8xe3 31. Kf1 Rb2 32. f6 Rf3+ 33. Ke1
Rxg3 34. Rd2 Rg1+ 35. Kf2 Rxd2+ 36. Kxg1 gxf6 37. Rf1 Rxd4 38. Rxf6 Rxa4 39.
Rxf7 a5 40. Rf5 Ra1+ 41. Kf2 a4 42. Rxd5 a3 43. Ra5 Kc7 44. h4 a2 45. Kg2 Kd6
46. h5 Ke6 47. h6 Kf6 48. h7 Kg7 49. Ra7 Kh8 50. Kh2 b5 0-1

[Event "2. Online Aktivschach WM"]
[Site "Gruppe C / Chessgate"]
[Date "2006.02.17"]
[Round "7.1"]
[White "Sparc, Saitek"]
[Black "Vancouver 68020, Mephisto"]
[Result "1-0"]
[WhiteElo "2174"]
[BlackElo "2264"]
[PlyCount "59"]

1. e4 d6 2. d4 Nf6 3. Nc3 g6 4. f4 Bg7 5. Nf3 O-O 6. Bd3 Nc6 7. e5 dxe5 8. fxe5
Nh5 9. Be2 Bg4 10. Be3 f6 11. exf6 exf6 12. Qd2 f5 13. O-O-O f4 14. Bf2 a5 15.
Rhe1 a4 16. d5 Ne7 17. Nd4 Bxd4 18. Bxd4 Bxe2 19. Qxe2 Nf5 20. Bc5 Re8 21. Qc4
Rxe1 22. Rxe1 a3 23. d6+ Kh8 24. dxc7 axb2+ 25. Kxb2 Qd7 26. Nd5 Qg7+ 27. Kc1
b5 28. Qxb5 Rg8 29. Re8 Nd6 30. Rxg8+ 1-0

[Event "2. Online Aktivschach WM"]
[Site "Gruppe C / Chessgate"]
[Date "2006.02.19"]
[Round "7"]
[White "Resurrection Ruffian, Phoenix Chess"]
[Black "MM IV Turbo, Mephisto"]
[Result "1-0"]
[WhiteElo "2400"]
[BlackElo "2093"]
[PlyCount "67"]

1. e4 c6 2. Nc3 d5 3. d4 dxe4 4. Nxe4 Nd7 5. Bd3 e5 6. Be3 Qb6 7. Nf3 Qxb2 8.
O-O a6 9. dxe5 Nxe5 10. Nxe5 Qxe5 11. Re1 Be6 12. Bb6 Bb4 13. Re3 Be7 14. Nc5
Qf6 15. Nxe6 fxe6 16. Bc4 e5 17. Bc7 Qh4 18. Bxe5 Nf6 19. Be6 Rd8 20. Qf3 Rf8
21. g3 Qh6 22. Qe2 Nd5 23. Bxd5 cxd5 24. Bf4 Qf6 25. Re1 Rd7 26. Re6 Qf7 27.
Bg5 Rc7 28. Bxe7 Rc6 29. Rxc6 bxc6 30. Bc5+ Kd7 31. Qxa6 Rc8 32. Bb6 Rc7 33.
Bxc7 Qe8 34. Rxe8 1-0

[Event "2. Online Aktivschach WM"]
[Site "Gruppe C / Chessgate"]
[Date "2006.02.19"]
[Round "7.3"]
[White "Berlin Pro London, Mephisto"]
[Black "Milano, Mephisto"]
[Result "1-0"]
[WhiteElo "2314"]
[BlackElo "2010"]
[PlyCount "95"]

1. c4 c6 2. Nf3 d5 3. g3 Nf6 4. Bg2 Bf5 5. cxd5 cxd5 6. Nc3 e6 7. O-O Nc6 8. d4
Bb4 9. Bg5 h6 10. Bf4 Ne4 11. Qc1 Qa5 12. Bd2 Nxd2 13. Qxd2 O-O 14. e3 Rac8 15.
a3 Bxc3 16. bxc3 Ne7 17. Rfc1 b5 18. Qb2 Rfe8 19. Qb4 Nc6 20. Qb3 Bd3 21. Ne1
Bc4 22. Qc2 a6 23. Nf3 e5 24. dxe5 Nxe5 25. Rd1 g6 26. Nxe5 Rxe5 27. Rd4 f5 28.
Qb2 Rce8 29. Rad1 Rc8 30. R1d2 Qd8 31. Bf3 Qd7 32. Qb4 Qc7 33. Bxd5+ Bxd5 34.
Rxd5 Rxd5 35. Rxd5 Kh7 36. Qd4 Kg8 37. Rd7 Qxc3 38. Rd8+ Rxd8 39. Qxc3 Rd6 40.
Qc7 Re6 41. Qd7 Rf6 42. Qe7 Rf7 43. Qe6 Kg7 44. Qxa6 Re7 45. Qxb5 Kf6 46. a4
Re5 47. Qb6+ Kf7 48. a5 1-0

[Event "2. Online Aktivschach WM"]
[Site "Gruppe C / Chessgate"]
[Date "2006.02.21"]
[Round "7.4"]
[White "Sapphire II, Novag"]
[Black "Tiger Grenadier"]
[Result "0-1"]
[WhiteElo "2129"]
[BlackElo "1960"]
[PlyCount "108"]

1. c4 e5 2. Nc3 Nf6 3. Nf3 Nc6 4. g3 d5 5. cxd5 Nxd5 6. Bg2 Nb6 7. O-O Be7 8.
d3 O-O 9. a3 Be6 10. b4 Nd4 11. Rb1 Nxf3+ 12. Bxf3 c6 13. Qc2 Bh3 14. Rd1 Qd6
15. Ne4 Qc7 16. Ng5 Bd7 17. d4 g6 18. dxe5 Qxe5 19. Bf4 Qb5 20. e4 Rad8 21. Be2
Qa4 22. Qxa4 Nxa4 23. Rb3 Bc8 24. Rxd8 Rxd8 25. Rd3 Rxd3 26. Bxd3 b5 27. Nf3
Nb2 28. Be2 Bg4 29. Kg2 f5 30. h3 Bh5 31. exf5 gxf5 32. Bf1 Bxf3+ 33. Kxf3 Kf7
34. Bb8 a6 35. Ba7 Nc4 36. Bxc4+ bxc4 37. Ke3 Bf6 38. Bd4 Be7 39. Bc5 Bf6 40.
f3 Bb2 41. a4 Bc3 42. Ke2 Ke6 43. a5 Kd5 44. Ke3 Be5 45. f4 Bb2 46. Bb6 h5 47.
Bc5 Bc3 48. Ke2 Bd4 49. Bb6 c5 50. bxc5 Bxc5 51. Bxc5 Kxc5 52. Ke3 Kb4 53. Kd2
Kb3 54. Kc1 c3 0-1

[Event "2. Online Aktivschach WM"]
[Site "Gruppe D / Chessgate"]
[Date "2005.12.21"]
[Round "1.1"]
[White "R30 V2.5, TASC."]
[Black "Genius 68030, Mephisto"]
[Result "0-1"]
[WhiteElo "2331"]
[BlackElo "2401"]
[PlyCount "88"]

1. Nf3 d5 2. d4 Nf6 3. c4 c6 4. Nc3 dxc4 5. a4 Bf5 6. e3 e6 7. Bxc4 Bb4 8. O-O
O-O 9. Nh4 Bg4 10. f3 Bh5 11. Qb3 Qb6 12. g4 Bg6 13. Nxg6 hxg6 14. g5 Nd5 15.
Ne2 Qa5 16. e4 Nb6 17. Bd3 c5 18. Be3 Rc8 19. Rfc1 N8d7 20. Bb5 cxd4 21. Nxd4
Rxc1+ 22. Rxc1 Nc5 23. Qc2 Ncxa4 24. Qe2 Bc5 25. f4 Qb4 26. Bxa4 Bxd4 27. Bb3
Rd8 28. Qf2 Bxe3 29. Qxe3 Rd4 30. Re1 Nd7 31. Qc3 Nc5 32. Bc2 Qxc3 33. bxc3 Rd2
34. Bb1 a5 35. f5 a4 36. fxg6 fxg6 37. e5 Kh7 38. h4 a3 39. h5 Nd3 40. hxg6+
Kxg6 41. Bxd3+ Rxd3 42. Kf2 Rxc3 43. Ke2 b5 44. Kd2 b4 0-1

[Event "2. Online Aktivschach WM"]
[Site "Gruppe D / Chessgate"]
[Date "2006.01.07"]
[Round "1.2"]
[White "MM V, Mephisto"]
[Black "Mythos, Mephisto"]
[Result "1/2-1/2"]
[WhiteElo "1943"]
[BlackElo "1950"]
[PlyCount "129"]

1. e4 e5 2. Nf3 Nf6 3. Nxe5 d6 4. Nf3 Nxe4 5. d4 d5 6. Bd3 Be7 7. O-O Nc6 8. c4
Nf6 9. Re1 Bg4 10. cxd5 Bxf3 11. Qxf3 Nxd4 12. Qe3 c5 13. Qe5 Kf8 14. Nc3 Bd6
15. Qg5 Bc7 16. Qh4 Nxd5 17. Qh5 Nf4 18. Bxf4 Bxf4 19. Qxc5+ Qd6 20. Qxd6+ Bxd6
21. Be4 Rd8 22. Red1 Be5 23. Rac1 h6 24. g3 b6 25. f4 Bf6 26. Kf2 Re8 27. Re1
Ne6 28. b4 Nc7 29. Red1 g5 30. Bc6 Re6 31. Nd5 Nxd5 32. Bxd5 Re7 33. Rc8+ Kg7
34. Rxh8 Kxh8 35. Kf3 Kg7 36. a4 gxf4 37. gxf4 Bc3 38. b5 Kf6 39. Rd3 Bb4 40.
Re3 Rd7 41. Re5 Bc3 42. Rh5 Kg6 43. Kg4 Re7 44. f5+ Kg7 45. Rh3 Bb4 46. f6+
Kxf6 47. Rxh6+ Ke5 48. Rh5+ Kd4 49. h4 f6 50. Bc6 Rg7+ 51. Kf5 Bc3 52. Kxf6
Ke3+ 53. Ke6 Rg6+ 54. Kf5 Rf6+ 55. Kg5 Rf4 56. Rh7 Bf6+ 57. Kg6 Bxh4 58. Rxa7
Bg3 59. Ra6 Be1 60. Rxb6 Rg4+ 61. Kf5 Rxa4 62. Rb7 Rf4+ 63. Kg5 Bh4+ 64. Kh5
Bd8 65. Kh6 1/2-1/2

[Event "2. Online Aktivschach WM"]
[Site "Gruppe D / Chessgate"]
[Date "2006.01.10"]
[Round "1.3"]
[White "Mach IV, Fidelity"]
[Black "Star Ruby, Novag"]
[Result "1/2-1/2"]
[WhiteElo "2177"]
[BlackElo "2052"]
[PlyCount "95"]

1. e4 e5 2. Nf3 Nc6 3. Bb5 a6 4. Ba4 Nf6 5. O-O Nxe4 6. d4 b5 7. Bb3 d5 8. dxe5
Be6 9. Qe2 Be7 10. Rd1 O-O 11. c4 bxc4 12. Bxc4 Bc5 13. Be3 Bxe3 14. Qxe3 Rb8
15. Nc3 Nxc3 16. bxc3 Rb6 17. Bd3 Re8 18. Qf4 Qd7 19. Rdb1 Bg4 20. Rxb6 cxb6
21. e6 Bxe6 22. Bxa6 Qe7 23. Bd3 Qc5 24. Ng5 h6 25. Nxe6 Qxc3 26. Qc1 Qxc1+ 27.
Rxc1 Rxe6 28. Bf5 Re8 29. Kf1 Nd4 30. Bc8 Rd8 31. Bb7 Rd7 32. Ba8 Ne6 33. Rd1
d4 34. Bc6 Rd6 35. Bb5 Kf8 36. Bc4 Ke7 37. g3 Rd8 38. Rb1 d3 39. Ke1 Rd4 40.
Bxe6 Kxe6 41. Rxb6+ Kd5 42. Kd2 Ra4 43. Kxd3 Rxa2 44. Ke3 Ra3+ 45. Kf4 Ra2 46.
Ke3 Ra3+ 47. Kf4 Ra2 48. Ke3 1/2-1/2

[Event "2. Online Aktivschach WM"]
[Site "Gruppe D / Chessgate"]
[Date "2006.01.12"]
[Round "1.4"]
[White "Diablo 24 Mhz, Novag"]
[Black "RISC 1MB, Mephisto"]
[Result "0-1"]
[WhiteElo "2073"]
[BlackElo "2246"]
[PlyCount "120"]

1. e4 c5 2. Nf3 Nc6 3. d4 cxd4 4. Nxd4 Nf6 5. Nc3 d6 6. Bg5 e6 7. Qd2 a6 8.
O-O-O h6 9. Bf4 Bd7 10. Nxc6 Bxc6 11. f3 d5 12. Qe1 Bb4 13. a3 Ba5 14. Bd2 O-O
15. e5 Nd7 16. Qg3 Bc7 17. Bf4 h5 18. Re1 Qb8 19. Bd3 b5 20. Na2 f5 21. h4 d4
22. Nb4 Bb7 23. Bf1 Qe8 24. Rd1 Bb6 25. Nd3 Rc8 26. Be2 Rc7 27. Kb1 Qf7 28. Qg5
Rfc8 29. Rd2 Qe8 30. Rc1 Nc5 31. g4 hxg4 32. Nxc5 Bxc5 33. fxg4 Be7 34. Qh5
Qxh5 35. gxh5 Be4 36. Bd3 Bf3 37. h6 Bxh4 38. Rg1 Bg4 39. hxg7 Rxg7 40. Rh2 Be7
41. Bh6 Rg6 42. Bf4 Bf8 43. a4 bxa4 44. Bxa6 Rb8 45. Be2 Ba3 46. Ka2 Bxb2 47.
Bxg4 fxg4 48. Rh4 a3 49. Rhxg4 Rxg4 50. Rxg4+ Kh7 51. Bg5 Kg6 52. Be7+ Kf5 53.
Rg5+ Kf4 54. Bd6 Rc8 55. Rg2 Bc1 56. Bxa3 Ra8 57. c4 Rxa3+ 58. Kb1 Be3 59. c5
d3 60. c6 d2 0-1

[Event "2. Online Aktivschach WM"]
[Site "Gruppe D / Chessgate"]
[Date "2006.01.14"]
[Round "2.1"]
[White "Mythos, Mephisto"]
[Black "Diablo 24 Mhz, Novag"]
[Result "1-0"]
[WhiteElo "1950"]
[BlackElo "2073"]
[PlyCount "127"]

1. c4 Nf6 2. d4 e6 3. g3 d5 4. Bg2 Be7 5. Nd2 c5 6. cxd5 exd5 7. dxc5 Na6 8.
Ngf3 Nxc5 9. O-O O-O 10. b3 Bg4 11. Ne5 Rc8 12. Bb2 Be6 13. Rc1 Re8 14. Ndf3
Qa5 15. a3 Nce4 16. Rxc8 Rxc8 17. b4 Qb6 18. Bd4 Qa6 19. Qd3 Qa4 20. Re1 a5 21.
bxa5 Qxa5 22. Ra1 Rc7 23. Ne1 Bc5 24. Bxc5 Qxc5 25. e3 Qd6 26. N1f3 Rc3 27. Qb1
Qc7 28. Qb4 Rc2 29. Nd3 Qc3 30. Qxc3 Rxc3 31. Nfe5 Bf5 32. Nb4 Kf8 33. Rd1 Be6
34. Ra1 Ke7 35. h3 Kd6 36. Ned3 Rxd3 37. Nxd3 Nc3 38. Nf4 Bd7 39. Rc1 Nb5 40.
a4 Nc7 41. a5 h6 42. Kf1 Bb5+ 43. Ke1 g5 44. Ne2 Ne6 45. Nd4 Nxd4 46. exd4 h5
47. Kd2 h4 48. Ke3 hxg3 49. fxg3 Bc6 50. h4 Ng4+ 51. Kf3 Nh2+ 52. Ke2 Bb5+ 53.
Kd2 gxh4 54. gxh4 f6 55. h5 Ng4 56. Rc8 Bd7 57. Rd8 Kc7 58. Rf8 Bc6 59. Bf3 f5
60. Rxf5 Nh6 61. Rf6 Ng8 62. Rf7+ Kd6 63. Rf8 Ke7 64. Rxg8 1-0

[Event "2. Online Aktivschach WM"]
[Site "Gruppe D / Chessgate"]
[Date "2006.01.14"]
[Round "2.2"]
[White "Star Ruby, Novag"]
[Black "MM V, Mephisto"]
[Result "1-0"]
[WhiteElo "2052"]
[BlackElo "1943"]
[PlyCount "131"]

1. e4 c6 2. d4 d5 3. exd5 cxd5 4. c4 Nf6 5. Nc3 Nc6 6. Bg5 Qa5 7. Bxf6 exf6 8.
cxd5 Bb4 9. Qd2 Bxc3 10. bxc3 Qxd5 11. Ne2 Bf5 12. Qe3+ Qe6 13. c4 Nb4 14. Kd2
O-O 15. Qxe6 fxe6 16. Ng3 Bg6 17. Kc3 Nc6 18. Be2 Rad8 19. Rad1 e5 20. d5 Nd4
21. Bd3 b5 22. Bxg6 hxg6 23. Ne4 bxc4 24. Kxc4 Rc8+ 25. Nc5 Rf7 26. d6 Ne6 27.
Rd5 Rd7 28. a3 Nf4 29. Rd2 Rc6 30. Rhd1 Ne6 31. Rd5 a6 32. Rb1 Nxc5 33. Rxc5
Rcxd6 34. Rc8+ Kf7 35. Rcb8 Ke6 36. R1b6 Rc7+ 37. Kb3 f5 38. Rxd6+ Kxd6 39.
Rb6+ Rc6 40. Rb7 e4 41. Rxg7 Kd5 42. Rf7 Ke5 43. h3 f4 44. Re7+ Kd5 45. a4 Rc8
46. Rd7+ Ke6 47. Ra7 Rc6 48. Ra8 Kd5 49. Re8 Kd4 50. Rd8+ Ke5 51. g3 fxg3 52.
Re8+ Kf4 53. Rf8+ Kg5 54. fxg3 Rf6 55. h4+ Kf5 56. Re8 Rc6 57. a5 Re6 58. g4+
Ke5 59. Rxe6+ Kxe6 60. Kc4 Ke5 61. h5 gxh5 62. gxh5 Kf5 63. Kd4 Kg5 $4 (63...
Kf4 $11) 64. Kxe4 Kxh5 65. Kd5 Kg4 66. Kc5 1-0

[Event "2. Online Aktivschach WM"]
[Site "Gruppe D / Chessgate"]
[Date "2006.01.15"]
[Round "2.3"]
[White "R30 V2.5, TASC."]
[Black "Mach IV, Fidelity"]
[Result "1/2-1/2"]
[WhiteElo "2331"]
[BlackElo "2177"]
[PlyCount "122"]

1. e4 c5 2. c3 Nf6 3. e5 Nd5 4. d4 cxd4 5. cxd4 d6 6. Nf3 Nc6 7. Nc3 Nxc3 8.
bxc3 Qa5 9. exd6 Qxc3+ 10. Bd2 Qb2 11. Bc4 Nxd4 12. Nxd4 Qxd4 13. Qa4+ Kd8 14.
O-O-O Qg4 15. Ba5+ b6 16. dxe7+ Kxe7 17. Qc6 Be6 18. Bxe6 fxe6 19. Qxa8 Qc4+
20. Kb1 Qb5+ 21. Kc2 Qxa5 22. Qb7+ Kf6 23. Qf3+ Kg6 24. Qg4+ Kf6 25. Qf4+ Kg6
26. Qc4 Qf5+ 27. Qd3 Bc5 28. Qxf5+ exf5 29. Rhe1 Bxf2 30. Re6+ Kg5 31. Rd7 g6
32. Rxa7 Bg1 33. h3 Bd4 34. Kd3 Bc5 35. Kc4 Kh4 36. Rd7 Kg3 37. Re2 Rc8 38. Kb5
h6 39. Rg7 g5 40. Rh7 Bf2 41. Rxh6 Kxg2 42. Rf6 Rc5+ 43. Kb4 Kf1 44. Re8 Be1+
45. Ka3 b5 46. Ref8 f4 47. Rf5 b4+ (47... Rxf5 48. Rxf5 Bh4 49. Rxb5 f3 $19)
48. Ka4 Rc3 49. Rxg5 Ra3+ 50. Kb5 f3 51. Kc4 f2 52. h4 Rxa2 53. Rgf5 Rc2+ 54.
Kd3 b3 (54... Rc3+ 55. Kd4 Rh3 56. Kc4 Rxh4+ 57. Kd3) 55. Rb8 Rc3+ 56. Kd4 Rg3
57. Kc4 Kg1 58. Rxb3 Rg4+ 59. Kd3 f1=Q+ 60. Rxf1+ Kxf1 61. h5 Bf2 1/2-1/2

[Event "2. Online Aktivschach WM"]
[Site "Gruppe D / Chessgate"]
[Date "2006.01.21"]
[Round "3.1"]
[White "MM V, Mephisto"]
[Black "R30 V2.5, TASC."]
[Result "0-1"]
[WhiteElo "1943"]
[BlackElo "2331"]
[PlyCount "80"]

1. e4 c5 2. Nf3 Nc6 3. d4 cxd4 4. Nxd4 Nf6 5. Nc3 g6 6. Nxc6 bxc6 7. e5 Ng8 8.
Be3 Bg7 9. f4 f6 10. e6 d5 11. f5 Qd6 12. g4 Qe5 13. Qd4 gxf5 14. Qxe5 fxe5 15.
gxf5 d4 16. Bg2 Bb7 17. Nb5 Rb8 18. Bxd4 exd4 19. Nxa7 Ba8 20. O-O-O Rb6 21.
Bf1 Rb7 22. Nxc6 Rb6 23. Rg1 Bh6+ 24. Kb1 Bxc6 25. Bg2 Be3 26. Bxc6+ Rxc6 27.
Rg7 Nh6 28. Rf1 Rf8 29. a4 Rxe6 30. fxe6 Rxf1+ 31. Ka2 Rf6 32. Rxh7 Rxe6 33. b4
Bf4 34. h4 Be5 35. a5 Kf8 36. Kb3 Kg8 37. Kc4 Bc7 38. Rxh6 Rxh6 39. Kxd4 Rxh4+
40. Kc3 Bd6 0-1

[Event "2. Online Aktivschach WM"]
[Site "Gruppe D / Chessgate"]
[Date "2006.01.24"]
[Round "3.2"]
[White "RISC 1MB, Mephisto"]
[Black "Mythos, Mephisto"]
[Result "1-0"]
[WhiteElo "2246"]
[BlackElo "1950"]
[PlyCount "81"]

1. c4 c5 2. Nc3 Nf6 3. g3 g6 4. Bg2 Bg7 5. d3 d6 6. Nf3 Nc6 7. O-O O-O 8. Bf4
Bg4 9. Rc1 a6 10. h3 Be6 11. Ng5 Bf5 12. Qd2 e5 13. Be3 Re8 14. Rcd1 Rb8 15.
Nce4 Rc8 16. g4 Nxe4 17. dxe4 Be6 18. Nxe6 Rxe6 19. Bg5 Qc7 20. e3 b5 21. cxb5
axb5 22. f4 Qa7 23. f5 Ree8 24. Qxd6 Qxa2 25. Qxc5 Nd4 26. Qd5 Qxd5 27. exd5
Ne2+ 28. Kh2 gxf5 29. d6 e4 30. d7 Be5+ 31. Bf4 Nxf4 32. exf4 Bxb2 33. Rfe1 Bc3
34. Re3 Bg7 35. gxf5 Rcd8 36. dxe8=Q+ Rxe8 37. Rxe4 Rxe4 38. Rd8+ Re8 39. Rxe8+
Bf8 40. Bd5 b4 41. f6 1-0

[Event "2. Online Aktivschach WM"]
[Site "Gruppe D / Chessgate"]
[Date "2006.01.24"]
[Round "2.4"]
[White "Genius 68030, Mephisto"]
[Black "RISC 1MB, Mephisto"]
[Result "0-1"]
[WhiteElo "2401"]
[BlackElo "2246"]
[PlyCount "108"]

1. Nf3 d5 2. c4 c6 3. b3 Nf6 4. g3 Bf5 5. Bg2 e6 6. O-O Nbd7 7. Nc3 Bb4 8. Bb2
O-O 9. d3 Rc8 10. Rc1 e5 11. e4 Bxc3 12. Bxc3 dxe4 13. Nxe5 Nxe5 14. dxe4 Qxd1
15. Rcxd1 Bg4 16. f3 Nxf3+ 17. Bxf3 Bxf3 18. Rxf3 Nxe4 19. Bb2 Rcd8 20. Rfd3
Rxd3 21. Rxd3 a5 22. Rd7 Nc5 23. Re7 b5 24. Ra7 Nd3 25. Bd4 bxc4 26. bxc4 Nc1
27. Bb2 Nd3 28. Bc3 Re8 29. Rxa5 f6 30. Ra6 Re2 31. Rxc6 Rxa2 32. Rc8+ Kf7 33.
Rc7+ Kg6 34. h4 Rc2 35. Ba5 h5 36. Bb6 Ne5 37. c5 f5 38. Kf1 Kf6 39. Rc8 Ke6
40. Re8+ Kd5 41. Rh8 g6 42. Re8 Nd3 43. Rd8+ Ke4 44. Rd6 Nb2 45. Rxg6 Nc4 46.
Kg1 Kf3 47. Bc7 Ne3 48. Bf4 Rc1+ 49. Kh2 Nf1+ 50. Kg1 Re1 51. Bd2 Nxd2+ 52. Kh2
Kf2 53. c6 Nf3+ 54. Kh3 Rh1# 0-1

[Event "2. Online Aktivschach WM"]
[Site "Gruppe D / Chessgate"]
[Date "2006.01.26"]
[Round "3.3"]
[White "Diablo 24 Mhz, Novag"]
[Black "Star Ruby, Novag"]
[Result "1-0"]
[WhiteElo "2073"]
[BlackElo "2052"]
[PlyCount "89"]

1. e4 e5 2. Nf3 Nc6 3. Bc4 Bc5 4. c3 Nf6 5. d4 exd4 6. e5 d5 7. Bb5 Ne4 8. cxd4
Bb6 9. Nbd2 Bg4 10. h3 Nxd2 11. hxg4 Nxf3+ 12. gxf3 O-O 13. Qd3 Ba5+ 14. Kf1 h6
15. Bxc6 bxc6 16. g5 c5 17. gxh6 g6 18. h7+ Kh8 19. Qb5 Bb6 20. Bh6 Re8 21.
dxc5 a6 22. Qc6 Re6 23. Qb7 Rb8 24. Qxa6 Bxc5 25. Qa5 Bd4 26. Rd1 Ra8 27. Bg7+
Kxg7 28. Qd2 c5 29. h8=Q+ Qxh8 30. Rxh8 Kxh8 31. Qf4 Kg8 32. Rxd4 cxd4 33. a3
Rae8 34. Qxd4 Rxe5 35. b4 Rh5 36. a4 Rc8 37. a5 Rc4 38. Qb6 Kg7 39. a6 d4 40.
a7 Rh8 41. Qd6 Re8 42. Kg2 Rh8 43. b5 Ra4 44. b6 Ra8 45. Qd5 1-0

[Event "2. Online Aktivschach WM"]
[Site "Gruppe D / Chessgate"]
[Date "2006.01.27"]
[Round "3.4"]
[White "Mach IV, Fidelity"]
[Black "Genius 68030, Mephisto"]
[Result "0-1"]
[WhiteElo "2177"]
[BlackElo "2401"]
[PlyCount "126"]

1. c4 e5 2. Nc3 Nc6 3. Nf3 Nf6 4. e4 Bb4 5. Nd5 Ba5 6. Qa4 Nxe4 7. b4 Bb6 8. c5
Nxc5 9. bxc5 Bxc5 10. Bb2 d6 11. Bb5 Bd7 12. O-O O-O 13. d4 exd4 14. Rae1 a6
15. Be2 Nb4 16. Qb3 Be6 17. Bc4 b5 18. Ne7+ Qxe7 19. Bxe6 fxe6 20. Rxe6 Rxf3
21. Qxf3 Qf8 22. Qb3 Kh8 23. Bxd4 Bxd4 24. Qxb4 Qf7 25. Qb3 Rf8 26. Kh1 Qf4 27.
g3 Qf5 28. f4 Qc5 29. Rfe1 h6 30. R6e4 Bf2 31. Rd1 Qc6 32. Qe6 Qc2 33. Rf1 Bb6
34. Re2 Qc6+ 35. Re4 Kh7 36. Rfe1 Rf6 37. Qe8 Qd5 38. R1e2 Qd1+ 39. Kg2 Qg1+
40. Kh3 Qf1+ 41. Kh4 Bf2 42. Qd7 Qg2 43. Qh3 Qh1 (43... Bxg3+ $3 44. Qxg3 Rxf4+
$1 45. Qxf4 g5+ 46. Qxg5 Qxg5+ 47. Kh3 Qf5+ $19) 44. Kg4 (44. f5) 44... Rg6+
45. Kh4 Qf3 46. Qf5 h5 47. Kh3 Bxg3 48. R4e3 Qxf4 49. Qxh5+ Rh6 50. Qxh6+ Qxh6+
51. Kxg3 c5 52. Re6 Qg5+ 53. Kf2 c4 54. R6e3 b4 55. Rh3+ Kg8 56. Re8+ Kf7 57.
Re4 Qd2+ 58. Re2 Qd4+ 59. Ke1 Qg1+ 60. Kd2 c3+ 61. Kc2 Qa1 62. Rf3+ Kg8 63.
Re8+ Kh7 0-1

[Event "2. Online Aktivschach WM"]
[Site "Gruppe D / Chessgate"]
[Date "2006.01.28"]
[Round "4.1"]
[White "Genius 68030, Mephisto"]
[Black "Mythos, Mephisto"]
[Result "1-0"]
[WhiteElo "2401"]
[BlackElo "1950"]
[PlyCount "57"]

1. c4 e6 2. Nc3 d5 3. d4 Nf6 4. Bg5 Be7 5. e3 O-O 6. Nf3 h6 7. Bh4 b6 8. Bd3
dxc4 9. Bxc4 Bb7 10. O-O Nbd7 11. Qe2 g5 12. Bg3 Nh5 13. Be5 Bb4 14. h3 Bxf3
15. Qxf3 Nxe5 16. dxe5 Ng7 17. Ne4 Qc8 18. Nf6+ Kh8 19. Qe4 Nf5 20. g4 Rd8 21.
gxf5 exf5 22. Qc6 a6 23. Bxf7 Bf8 24. Nh5 Bd6 25. exd6 cxd6 26. Qd5 Kh7 27. Qd4
Rg8 28. Bxg8+ Qxg8 29. Nf6+ 1-0

[Event "2. Online Aktivschach WM"]
[Site "Gruppe D / Chessgate"]
[Date "2006.01.30"]
[Round "4.2"]
[White "Star Ruby, Novag"]
[Black "RISC 1MB, Mephisto"]
[Result "0-1"]
[WhiteElo "2052"]
[BlackElo "2246"]
[PlyCount "126"]

1. d4 d5 2. c4 dxc4 3. e4 e5 4. Nf3 exd4 5. Bxc4 Bb4+ 6. Bd2 Bxd2+ 7. Nbxd2 Nc6
8. O-O Nf6 9. e5 Ng4 10. h3 Nh6 11. Nb3 Nf5 12. Bb5 Bd7 13. Bxc6 Bxc6 14. Nbxd4
Nxd4 15. Nxd4 Bd7 16. Rc1 O-O 17. Qf3 c6 18. Rfd1 Re8 19. Qe3 Qb6 20. Rc2 Rad8
21. Rcd2 Bc8 22. f4 f6 23. a3 fxe5 24. fxe5 Rd5 25. Re1 c5 26. Nf3 Rxd2 27.
Qxd2 Rd8 28. Qc2 h6 29. Rd1 Rxd1+ 30. Qxd1 Kf7 31. Qd5+ Be6 32. Qd2 g5 33. Kf2
Qb3 34. Qc1 b6 35. Qd2 Bd5 36. Qe2 Ke6 37. Nh2 Bc4 38. Qd2 Qd3 39. Qxd3 Bxd3
40. Ke3 Bc4 41. g3 h5 42. Nf3 Kf5 43. b4 Bd5 44. bxc5 Bxf3 45. cxb6 Bc6 46.
bxa7 Kxe5 47. h4 gxh4 48. gxh4 Kf5 49. Kd4 Kg4 50. Kc5 Ba8 51. Kb6 Kxh4 52. Kc7
Kg4 53. Kb8 Bd5 54. a8=R Bxa8 55. Kxa8 h4 56. a4 h3 57. a5 h2 58. Kb8 h1=Q 59.
a6 Qh8+ 60. Kb7 Qg7+ 61. Kb6 Qd4+ 62. Kb7 Qd5+ 63. Kb6 Qa8 0-1

[Event "2. Online Aktivschach WM"]
[Site "Gruppe D / Chessgate"]
[Date "2006.01.31"]
[Round "4.3"]
[White "Mach IV, Fidelity"]
[Black "MM V, Mephisto"]
[Result "1-0"]
[WhiteElo "2177"]
[BlackElo "1943"]
[PlyCount "139"]

1. Nc3 c6 2. d4 d5 3. e4 dxe4 4. Nxe4 Nd7 5. Bc4 Ngf6 6. Nxf6+ Nxf6 7. Nf3 e6
8. O-O Be7 9. Re1 O-O 10. Qd3 b5 11. Bb3 Bb7 12. Ne5 Qb6 13. Be3 c5 14. dxc5
Bxc5 15. a4 Bxe3 16. Qxe3 Qxe3 17. Rxe3 a6 18. Rd3 Nd5 19. f3 f6 20. Nd7 Rfc8
21. Bxd5 Bxd5 22. Nb6 Rab8 23. Nxc8 Rxc8 24. axb5 axb5 25. c3 Kf7 26. Ra7+ Kg6
27. Rd1 Rd8 28. Kf2 Rc8 29. Ke3 Rd8 30. h3 Rc8 31. g3 Rd8 32. g4 Kh6 33. h4 Kg6
34. Ra5 Rb8 35. h5+ Kh6 36. Kf2 b4 37. Ra7 bxc3 38. bxc3 Rc8 39. Rd3 g6 40.
hxg6 Kxg6 41. Ke3 Rc4 42. Ke2 h6 43. Kf2 f5 44. gxf5+ Kxf5 45. Kg3 h5 46. Rh7
Kg6 47. Rh8 Bb7 48. Re3 Bd5 49. f4 Rc7 50. Kh4 Rf7 51. Rg3+ Kf5 52. Kxh5 Kxf4
53. Rg4+ Kf5 54. Kh4 e5 55. Rh5+ Ke6 56. c4 Bb7 57. Rg6+ Rf6 58. Rxf6+ Kxf6 59.
Rh6+ Kf5 60. c5 e4 61. c6 Bc8 62. Rh8 Ba6 63. Ra8 Bc4 64. c7 Be6 65. Kg3 Kg5
66. Ra5+ Kf6 67. Ra6 Ke7 68. Rxe6+ Kd7 69. Rc6 Kxc6 70. c8=Q+ 1-0

[Event "2. Online Aktivschach WM"]
[Site "Gruppe D / Chessgate"]
[Date "2006.02.03"]
[Round "4.4"]
[White "R30 V2.5, TASC."]
[Black "Diablo 24 Mhz, Novag"]
[Result "1-0"]
[WhiteElo "2331"]
[BlackElo "2073"]
[PlyCount "65"]

1. d4 f5 2. g3 d6 3. Nf3 e6 4. c4 Nf6 5. Nc3 Nc6 6. Bg2 Be7 7. O-O O-O 8. Bf4
Nh5 9. Bd2 Nf6 10. Qb3 e5 11. d5 Nb8 12. Ng5 Na6 13. Ne6 Bxe6 14. dxe6 Nc5 15.
Qc2 e4 16. f3 Nxe6 17. fxe4 fxe4 18. Nxe4 c6 19. Qd3 Qb6+ 20. Be3 Qxb2 21. Rab1
Qxa2 22. Rxb7 Rf7 23. h3 Nd8 24. Nxf6+ Bxf6 25. Rxf7 Nxf7 26. Bxc6 Rf8 27. Be4
Kh8 28. Bxh7 Rc8 29. Bg6 Rf8 30. Bf4 Ne5 31. Bxe5 Qa5 32. Qxd6 Rd8 33. Rxf6 1-0

[Event "2. Online Aktivschach WM"]
[Site "Gruppe D / Chessgate"]
[Date "2006.02.05"]
[Round "5.1"]
[White "RISC 1MB, Mephisto"]
[Black "R30 V2.5, TASC."]
[Result "1/2-1/2"]
[WhiteElo "2246"]
[BlackElo "2331"]
[PlyCount "115"]

1. d4 Nf6 2. c4 e5 3. dxe5 Ng4 4. Bf4 Nc6 5. Nf3 Bb4+ 6. Nbd2 Qe7 7. a3 Ngxe5
8. Nxe5 Nxe5 9. e3 Bxd2+ 10. Qxd2 d6 11. Be2 O-O 12. O-O b6 13. b4 Bb7 14. Rfd1
Ng6 15. Bg3 Nh4 16. f3 Rad8 17. Rac1 Rfe8 18. e4 Ng6 19. Bf2 Qf6 20. Bd4 Qe7
21. c5 d5 22. cxb6 axb6 23. Bb5 c6 24. Rxc6 Bxc6 25. Bxc6 dxe4 26. Bxe8 Qxe8
27. Qe3 b5 28. Qxe4 Qxe4 29. fxe4 Ne5 30. Kf2 Nc4 31. Ke2 Nxa3 32. g4 f6 33. h4
Kf7 34. Rd3 Nc4 35. Bc3 Rxd3 36. Kxd3 Ke6 37. g5 fxg5 38. hxg5 h6 39. gxh6 gxh6
40. Kd4 Ne5 41. Kc5 h5 42. Kxb5 Nd3 43. Bd4 h4 44. Ka4 h3 45. Bg1 Nf2 46. e5
Ng4 47. b5 Kxe5 48. b6 Kd6 49. Kb5 Nf6 50. Bh2+ Kd5 51. b7 Nd7 52. Bf4 Ke6 53.
Kc6 Ke7 54. Kc7 Nc5 55. Bd6+ Ke6 56. Bxc5 h2 57. b8=Q h1=Q 58. Qc8+ 1/2-1/2